Sanat - "Murheesi suista" - Statistics

Yleistilastot
  • Tätä visaa on pelattu 8 kertaa
  • Keskiarvotulos 42 / 76
Vastaustilastot
Vastaus % Oikein
maa
100%
maa
100%
Murheesi
100%
murheesi
100%
puista
100%
puista
100%
soi
100%
soi
100%
suista
100%
suista
100%
ilmasta
88%
ilmasta
88%
jo
88%
jo
88%
jo
88%
ja
75%
lie
63%
on
63%
raukka
63%
riemusta
63%
riemuvirsi
63%
riemuvirsi
63%
rinta
63%
tiellä
63%
tiellä
63%
tuoksuu
63%
tuoksuu
63%
haat
50%
jäi
50%
kauas
50%
lyö
50%
nuoruutta
50%
nuoruutta
50%
nyt
50%
pois
50%
riemumiellä
50%
50%
saat
50%
soipi
50%
taakse
50%
unholaan
50%
50%
armas
38%
aurinko
38%
ehkä
38%
häivä
38%
huolet
38%
itsekin
38%
kaik
38%
lahjoista
38%
laula
38%
loistoaan
38%
loukkoon
38%
luo
38%
maan
38%
mennen
38%
merta
38%
Muistoissa
38%
mulla
38%
musta
38%
myös
38%
myös
38%
niistä
38%
noin
38%
nuoruus
38%
siis
38%
sulla
38%
suurin
38%
talvemme
38%
tanssiipi
38%
vaahtoaa
38%
varjopuolet
38%
vielä
38%
viidat
38%
virta
38%
päin
13%
Ehtoja vastaavia visoja ei löytynyt
Tulosjakauma
Jokaisen tuloksen saaneiden osuus
Persentiili vastausten määrän mukaan
Tuloshistoriasi
Et ole pelannut tätä visaa